Apuntes de técnicas de optimización

Saved in:
Bibliografiske detaljer
Hovedforfatter: Cerda Gaete, Manuel Marcelino (Author)
Format: Bog
Sprog:spansk
Udgivet: Valparaíso Universidad Católica de Valparaíso 1980
Fag:
Tags: Tilføj Tag
Ingen Tags, Vær først til at tagge denne postø!

MARC

LEADER 00000nam a2200000 a 4500
001 UCU3551
003 CL-VaPUC
008 960510e19800000CL |||||||||||||||||spa|d
082 0 4 |a 519.3  |b CER  |2 21 
100 0 |a Cerda Gaete, Manuel Marcelino  |e author  |9 360555 
245 1 0 |a Apuntes de técnicas de optimización 
300 |a 81 p 
942 |c BK 
945 |d 19960510 00:00:00  |a cmena 
260 |a Valparaíso  |b Universidad Católica de Valparaíso  |c 1980 
650 0 |a Optimización  |9 339671 
650 0 |a Cálculo diferencial   |9 260102 
650 0 |a Programación lineal   |9 23 
650 0 |a Matemática  |9 260235 
650 0 |a Programación de computadores   |9 259531 
583 |a last modification  |c 19960510 00:00:00  |k Rodrigo Vera 
999 |c 247519  |d 247517 
952 |0 0  |1 0  |4 0  |6 519_300000000000000_CER_1980  |7 0  |8 A  |9 263497  |a BIBING  |b BIBING  |d 2019-11-19  |i 1651226  |o 519.3 CER 1980  |p 1651226  |r 2025-01-20  |w 2019-11-19  |y BK  |k CCL 
952 |0 0  |1 0  |4 0  |6 519_300000000000000_CER_1980  |7 0  |8 A  |9 263498  |a BIBING  |b BIBING  |d 2019-11-19  |i 1651366  |o 519.3 CER 1980  |p 1651366  |r 2025-01-20  |w 2019-11-19  |y BK  |k CCL